00353nam a2200133Ia 4500008004100000041000800041082001500049100002200064245003200086250001400118260004400132300003200176365001100208240624s9999 xx 000 0 und d aeng a004.25 KEN aKENDALL KENNETH E aSYSTEMS ANALYSIS AND DESIGN a(7th ed.) c2007aNew DelhibPrentice-Hall of India axxvi, : 774 : p. : cm. ; 27 cRSb36